Statistiques concernant Capitales d'Afrique (avec carte des pays)

Cliquez ici pour prendre le quiz!

Statistiques générales

  • Ce quiz a été pris 2 745 fois
    (2 716 depuis la dernière actualisation)
  • Le résultat moyen est 36 sur 54

Réponses sur la Carte

Les réponses sont colorées sur une échelle allant du rouge au vert en fonction du pourcentage des utilisateurs qui les ont devinées à leur premier essai. Vous pouvez retrouver ces pourcentages ci-dessous.
 

Statistiques - réponses

PaysCapitales% Correct
AlgérieAlger
98%
TunisieTunis
97%
ÉgypteLe Caire
96%
MarocRabat
96%
Afrique du SudLe Cap / Pretoria
90%
SénégalDakar
89%
LibyeTripoli
87%
MaliBamako
84%
Congo
(Rép Dém)
Kinshasa
83%
Congo (Rép)Brazzaville
82%
DjiboutiDjibouti
80%
MadagascarAntananarivo
78%
KenyaNairobi
78%
GabonLibreville
76%
Burkina FasoOuagadougou
75%
CamerounYaoundé
74%
ÉthiopieAddis-Abeba
73%
Sierra LeoneFreetown
73%
Guinée-BissauBissau
72%
SoudanKhartoum
71%
Sao Tomé-et-
Principe
Sao Tomé
71%
Côte d'IvoireYamoussoukro
71%
TogoLomé
69%
GhanaAccra
68%
GuinéeConakry
65%
AngolaLuanda
65%
MauritanieNouakchott
65%
NigerNiamey
64%
TchadNdjamena
63%
BéninCotonou / Porto-Novo
62%
Île MauricePort-Louis
61%
SeychellesVictoria
61%
NigeriaAbuja
59%
SomalieMogadiscio
59%
Cap-VertPraia
59%
CentrafriqueBangui
58%
NamibieWindhoek
57%
RwandaKigali
56%
MozambiqueMaputo
55%
ÉrythréeAsmara
54%
ZimbabweHarare
54%
GambieBanjul
53%
TanzanieDodoma
53%
BotswanaGaborone
52%
Eswatini (Swaziland)Mbabane
51%
LiberiaMonrovia
49%
ComoresMoroni
49%
Soudan du SudDjouba
48%
OugandaKampala
48%
ZambieLusaka
48%
MalawiLilongwe
47%
BurundiGitega / Bujumbura
46%
Guinée
équatoriale
Malabo
43%
LesothoMaseru
43%

Distribution des résultats

Percentile par nombre de réponses

% des personnes avec chaque résultat

Votre développement - résultats

Vous n’avez pas pris ce quiz depuis la dernière actualisation